[Event "Titled Tuesday intern op 12th Sep Early"]
[Site "Chess.com INT"]
[Date "2023.09.12"]
[Round "6"]
[White "Heinechen, John"]
[Black "Sericano, Claudio"]
[Result "1-0"]
[WhiteElo "1957"]
[BlackElo "2260"]
[PlyCount "125"]
[EventDate "2023.09.12"]
[EventType "swiss (blitz)"]
[EventRounds "11"]
[EventCountry "USA"]
[SourceTitle "EXT 2024"]
[Source "ChessBase"]
[SourceDate "2023.10.10"]
[SourceVersion "1"]
[SourceVersionDate "2023.10.10"]
[SourceQuality "1"]

1. e4 c5 2. Nf3 a6 3. c3 d5 4. exd5 Qxd5 5. d4 Bg4 6. Be2 e6 7. 0-0 Nf6 8. Be3 Nbd7 9. Nbd2 Be7 10. h3 Bh5 11. c4 Qd6 12. dxc5 Nxc5 13. b4 Nce4 14. c5 Qc7 15. Nxe4 Nxe4 16. Qd4 Bg6 17. Ne5 Bf6 18. Bf4 Rd8 19. Nxg6 Bxd4 20. Bxc7 hxg6 21. Bxd8 Bxa1 22. Rxa1 Kxd8 23. Bf3 f5 24. Bxe4 fxe4 25. Re1 Ke7 26. Rxe4 Rd8 27. a3 Rd3 28. Re3 Rd1+ 29. Kh2 Rd2 30. Kg3 Rb2 31. Rd3 a5 32. bxa5 Rb5 33. Rc3 Rxa5 34. Kf4 Kf6 35. g4 Ra4+ 36. Kg3 Ke5 37. Rb3 Ra7 38. Rd3 Ke4 39. Rb3 Kd5 40. Rc3 Kd4 41. Re3 e5 42. Kh4 Ra5 43. Rb3 Ra7 44. Kg5 Kxc5 45. Kxg6 b5 46. h4 Kc4 47. Rb4+ Kc5 48. Rb3 Kc4 49. Re3 Kd5 50. h5 e4 51. g5 Ke5 52. h6 gxh6 53. gxh6 Ra6+ 54. Kh5 Ra7 55. f3 Kf4 56. Rxe4+ Kxf3 57. Rb4 Rb7 58. a4 Re7 59. axb5 Rb7 60. b6 Ke3 61. Kg6 Kd3 62. h7 Kc3 63. Rb5 1-0

[Event "Titled Tuesday intern op 12th Sep Early"]
[Site "Chess.com INT"]
[Date "2023.09.12"]
[Round "2"]
[White "Sericano, Claudio"]
[Black "Herman, Daniel"]
[Result "0-1"]
[WhiteElo "2260"]
[BlackElo "1927"]
[PlyCount "46"]
[EventDate "2023.09.12"]
[EventType "swiss (blitz)"]
[EventRounds "11"]
[EventCountry "USA"]
[SourceTitle "EXT 2024"]
[Source "ChessBase"]
[SourceDate "2023.10.10"]
[SourceVersion "1"]
[SourceVersionDate "2023.10.10"]
[SourceQuality "1"]

1. e4 g6 2. d4 Bg7 3. Nf3 d6 4. c4 Nc6 5. Nc3 Bg4 6. Be3 Bxf3 7. gxf3 e5 8. d5 Nd4 9. Be2 Nf6 10. Bxd4 exd4 11. Qxd4 0-0 12. h4 Re8 13. Qd2 c6 14. 0-0-0 cxd5 15. Nxd5 Nxd5 16. Qxd5 Qb6 17. Qb5 Qxf2 18. Rhe1 Rac8 19. Kb1 Rc6 20. Qxb7 Rb6 21. Qd7 Rxb2+ 22. Kc1 Qe3+ 23. Rd2 Qxd2# 0-1

[Event "Titled Tuesday intern op 22nd Aug Early"]
[Site "Chess.com INT"]
[Date "2023.08.22"]
[Round "2"]
[White "Sericano, Claudio"]
[Black "Baghdasaryan, Vahe"]
[Result "0-1"]
[WhiteElo "2260"]
[BlackElo "2257"]
[PlyCount "64"]
[EventDate "2023.08.22"]
[EventType "swiss (blitz)"]
[EventRounds "11"]
[EventCountry "USA"]
[SourceTitle "EXT 2024"]
[Source "ChessBase"]
[SourceDate "2023.10.10"]
[SourceVersion "1"]
[SourceVersionDate "2023.10.10"]
[SourceQuality "1"]

1. e4 e5 2. Nf3 Nc6 3. Bb5 a6 4. Ba4 Nf6 5. 0-0 Be7 6. d4 Nxd4 7. Nxd4 exd4 8. e5 Nd5 9. Qxd4 c6 10. Bb3 Nc7 11. Nc3 Ne6 12. Qg4 0-0 13. Bh6 Ng5 14. Bxg5 Bxg5 15. Ne4 Be7 16. Nd6 Bxd6 17. exd6 Qf6 18. Rad1 Qxb2 19. Rfe1 b5 20. Re7 c5 21. Rxf7 Rxf7 22. Qf3 c4 23. Qxa8 Rf8 24. Bxc4+ bxc4 25. Qd5+ Kh8 26. Qxc4 Qf6 27. f3 Bb7 28. Qc7 Bc6 29. c4 Bxf3 30. Rf1 Qd4+ 31. Kh1 Bxg2+ 32. Kxg2 Qg4+ 0-1

[Event "Titled Tuesday intern op 22nd Aug Early"]
[Site "Chess.com INT"]
[Date "2023.08.22"]
[Round "11"]
[White "Sericano, Claudio"]
[Black "Vaglio Munoz, Jaime"]
[Result "1-0"]
[WhiteElo "2260"]
[BlackElo "2174"]
[PlyCount "133"]
[EventDate "2023.08.22"]
[EventType "swiss (blitz)"]
[EventRounds "11"]
[EventCountry "USA"]
[SourceTitle "EXT 2024"]
[Source "ChessBase"]
[SourceDate "2023.10.10"]
[SourceVersion "1"]
[SourceVersionDate "2023.10.10"]
[SourceQuality "1"]

1. e4 c5 2. Nf3 Qa5 3. Nc3 a6 4. d4 b5 5. Bd2 b4 6. Nd5 e6 7. Ne3 cxd4 8. Nxd4 Bb7 9. Bd3 Nf6 10. f3 d5 11. exd5 Nxd5 12. Nxd5 Qxd5 13. Nb3 Be7 14. Qe2 Nc6 15. 0-0-0 0-0 16. Kb1 a5 17. Bf4 g6 18. Bxg6 hxg6 19. Rxd5 exd5 20. h4 Rfe8 21. Qd2 a4 22. Nd4 Bf6 23. Nxc6 Bxc6 24. h5 a3 25. hxg6 fxg6 26. Qd3 Kg7 27. Bh6+ Kf7 28. b3 Rh8 29. Rh3 Rae8 30. Bd2 Rxh3 31. gxh3 Re5 32. Bxb4 Rf5 33. Bxa3 d4 34. Qc4+ Bd5 35. Qc7+ Kg8 36. Qc8+ Kh7 37. Qd7+ Kh6 38. Bc1+ Bg5 39. Bxg5+ Kxg5 40. Qe7+ Kf4 41. Qh4+ Ke3 42. a4 Bxf3 43. Qh6+ Ke2 44. Qxg6 Be4 45. Qg4+ Ke3 46. Qg3+ Ke2 47. Qb8 d3 48. cxd3 Bxd3+ 49. Kb2 Rf2 50. Kc3 Rf3 51. Qe5+ Be4+ 52. Kd4 Rxb3 53. Qxe4+ Kd2 54. Qg2+ Ke1 55. Qg1+ Kd2 56. Qf2+ Kd1 57. Qf1+ Kd2 58. a5 Rb4+ 59. Qc4 Rb2 60. Qc3+ Ke2 61. Qxb2+ Kf3 62. Qd2 Kg3 63. a6 Kh4 64. a7 Kh5 65. a8Q Kg6 66. Qg8+ Kf5 67. Qf2# 1-0

[Event "ITA-chT A2 36th"]
[Site "Italy"]
[Date "2004.03.21"]
[Round "3"]
[White "Sericano, Claudio"]
[Black "Piccardo, Marco"]
[Result "1-0"]
[WhiteElo "2260"]
[BlackElo "2206"]
[PlyCount "55"]
[EventDate "2004.02.22"]
[EventType "team-tourn"]
[EventRounds "7"]
[EventCountry "ITA"]
[SourceTitle "EXT 2009"]
[Source "ChessBase"]
[SourceDate "2008.11.26"]
[SourceVersion "1"]
[SourceVersionDate "2008.11.26"]
[SourceQuality "1"]

1. d4 Nf6 2. Nf3 g6 3. e3 Bg7 4. Bd3 d6 5. 0-0 0-0 6. e4 Nc6 7. h3 Nb4 8. Nc3 Nxd3 9. Qxd3 c5 10. dxc5 dxc5 11. Qc4 b6 12. e5 Ne8 13. Rd1 Qc7 14. Nd5 Qb7 15. Qh4 f6 16. Bh6 Be6 17. Bxg7 Kxg7 18. Nf4 Bf5 19. exf6+ exf6 20. Rd2 Rf7 21. Rad1 Nc7 22. Qg3 g5 23. Nxg5 fxg5 24. Qxg5+ Bg6 25. Qe5+ Kg8 26. Rd8+ Rf8 27. R1d7 Bf7 28. Nh5 1-0